LEADER 04006nam 2200445 450 001 9910512208003321 005 20230515202216.0 035 $a(CKB)5590000000630757 035 $a(NjHacI)995590000000630757 035 $a(EXLCZ)995590000000630757 100 $a20230515d2022 uy 0 101 0 $aeng 135 $aur||||||||||| 181 $ctxt$2rdacontent 182 $cc$2rdamedia 183 $acr$2rdacarrier 200 00$aAdaptive Collaborative Management in Forest Landscapes $evillagers, bureaucrats and civil society /$fedited by Carol J. Pierce Colfer, Ravi Prabhu, Anne M. Larson 205 $aFirst Edition. 210 1$aAbingdon, Oxon :$cTaylor & Francis,$d2022. 210 4$dİ2022 215 $a1 online resource (296 pages) 225 1 $aThe Earthscan forest library 311 $a1-03-205368-2 320 $aIncludes bibliographical references and index. 327 $a1. Adaptive Collaborative Management: Experiential and Theoretical Forebearers -- 2. Local People's Perspective on Action Learning: Impressions from the Amazon -- 3. Researcher Collaboration Complexities in Participatory Action Research: Zambian Experiences -- 4. Gender and Adaptive Collaborative Management in a Forested Ugandan Landscapes -- 5. Strengthening Women's Tenure Rights and Participation in Community Forestry in Central Uganda -- 6. Capacity Building for ACM: Lessons Learned from Training in Distinct Contexts -- 7. Learning from Adaptive Collaborative Management: A Participatory Tool to Support Adaptive and Reflective Learning in Multi-Stakeholder Forums -- 8. How Adaptive Collaborative Management Can Leverage Changes in Power: Insights from Social Theory -- 9. Can Activist Engagements have Research Outcomes? The Case of ACM and Participatory Action Research -- 10. Circles and Spirals. 330 $a"This book examines the value of Adaptive Collaborative Management for facilitating learning and collaboration with local communities and beyond, utilising detailed studies of forest landscapes and communities. Many forest management proposals are based on top-down strategies, such as the Million Tree Initiatives, Forest Landscape Restoration (FLR) and REDD+, often neglecting local communities. In the context of the climate crisis, it is imperative that local peoples and communities are an integral part of all decisions relating to resource management. Rather than being seen as beneficiaries or people to be safeguarded, they should be seen as full partners, and Adaptive Collaborative Management is an approach which priorities the rights and roles of communities alongside the need to address the environmental crisis. The volume presents detailed case studies and real life examples from across the globe, promoting and prioritizing the voices of women and scholars and practitioners from the Global South who are often under-represented. Providing concrete examples of ways that a bottom-up approach can function to enhance development sustainably, via its practitioners and far beyond the locale in which they initially worked, this volume demonstrates the lasting utility of approaches like Adaptive Collaborative Management that emphasize local control, inclusiveness and local creativity in management. This book will be of great interest to students, scholars and practitioners working in the fields of conservation, forest management, community development and natural resource management and development studies more broadly"-- Provided by publisher. 410 0$aEarthscan forest library. 517 $aAdaptive Collaborative Management in Forest Landscapes 606 $aSustainable forestry 615 0$aSustainable forestry. 676 $a634.92 702 $aPierce Colfer$b Carol J. 702 $aPrabhu$b Ravi 702 $aLarson$b Anne M. 801 0$bNjHacI 801 1$bNjHacl 906 $aBOOK 912 $a9910512208003321 996 $aAdaptive Collaborative Management in Forest Landscapes$92929742 997 $aUNINA LEADER 01087nam 2200337Ka 450 001 9910698302303321 005 20080627164223.0 035 $a(CKB)4330000001272064 035 $a(OCoLC)232685408 035 $a(EXLCZ)994330000001272064 100 $a20080627d2007 ua 0 101 0 $aeng 181 $ctxt$2rdacontent 182 $cc$2rdamedia 183 $acr$2rdacarrier 200 10$aGreat Salt Lake, Utah$b[electronic resource] /$fDoyle W. Stephens and Joe Gardner 210 1$a[Salt Lake City, Utah] :$c[U.S. Geological Survey],$d[2007] 215 $a4 unnumbered pages $cdigital, PDF file 225 1 $aWater-resources investigations report ;$v99-4189 300 $aTitle from title screen (viewed June 27, 2008). 300 $a"April 2007." 607 $aGreat Salt Lake (Utah) 700 $aStephens$b Doyle W$01390965 701 $aGardner$b Joe$g(Joseph F.)$01405762 712 02$aGeological Survey (U.S.) 801 0$bGPO 801 1$bGPO 906 $aBOOK 912 $a9910698302303321 996 $aGreat Salt Lake, Utah$93482923 997 $aUNINA LEADER 04369nam 2200793 a 450 001 9910967372003321 005 20240313081907.0 010 $a988-8180-20-7 010 $a988-220-414-7 010 $a1-283-87384-2 010 $a988-220-881-9 035 $a(CKB)2670000000280983 035 $a(MH)013398765-5 035 $a(SSID)ssj0000851532 035 $a(PQKBManifestationID)11482232 035 $a(PQKBTitleCode)TC0000851532 035 $a(PQKBWorkID)10848088 035 $a(PQKB)10192592 035 $a(StDuBDS)EDZ0000124910 035 $a(OCoLC)819635544 035 $a(MdBmJHUP)muse18841 035 $a(Au-PeEL)EBL1073554 035 $a(CaPaEBR)ebr10629234 035 $a(CaONFJC)MIL418634 035 $a(MiAaPQ)EBC1073554 035 $a(DE-B1597)774670 035 $a(DE-B1597)9789882208810 035 $a(EXLCZ)992670000000280983 100 $a20121207d2012 uy 0 101 0 $aeng 135 $aur||||||||||| 181 $ctxt 182 $cc 183 $acr 200 10$aKnowledge Is pleasure $ea life of Florence Ayscough /$fLindsay Shen 205 $a1st ed. 210 $aHong Kong $cHong Kong University Press$d2012 215 $a1 online resource (x, 161 p. )$cill. (some col.) ; 225 0 $aRAS China in Shanghai series 300 $aBibliographic Level Mode of Issuance: Monograph 311 08$a988-8139-59-2 320 $aIncludes bibliographical references and index. 327 $aShanghailanders Guns, gardens and long-gone houses -- Images The tastemaker -- Words The 'sensuous realist' -- Gardens and the grass hut 'A liberal education' -- After China holding open the door. 330 3 $aFlorence Ayscough -- poet, translator, Sinologist, Shanghailander, "sensual realist", avid collector, pioneering photographer and early feminist champion of women's rights in China. Ayscough's modernist translations of the classical poets still command respect, her ethnographic studies of the lives of Chinese women still engender feminist critiques over three quarters of a century later and her collections of Chinese ceramics and objets now form an important part of several American museums' Asian art collections. Raised in Shanghai in an archetypal family in the late nineteenth century, Ayscough was to become anything but a typical foreigner in China. Encouraged by the New England poet Amy Lowell, she became a much sought-after translator in the early years of the new century, not least for her radical interpretations of the Tang dynasty poet Tu Fu published by the renowned literary critic Harriet Monroe. She later moved on to record China and particularly Chinese women using the new technology of photography, turn the Royal Asiatic Society's Shanghai library into the best on the China Coast and build several impressive collections featuring jars from the Dowager Empress Ci Xi, Ming and Qing ceramics. By the time of her death, Florence Ayscough left a legacy of collecting and scholarship unrivalled by any other foreign woman in China before or since. In this biography, Lindsay Shen recovers Ayscough for posterity and returns her to us as a woman of amazing intellectual vibrancy and strength. 410 0$aRAS China in Shanghai. 606 $aScholars$zChina$vBiography 606 $aSinologists$vBiography 606 $aWomen collectors$zChina$vBiography 606 $aWomen photographers$zChina$vBiography 606 $aWomen scholars$zChina$vBiography 606 $aWomen translators$zChina$vBiography 606 $aBIOGRAPHY & AUTOBIOGRAPHY / Artists, Architects, Photographers$2bisacsh 615 0$aScholars 615 0$aSinologists 615 0$aWomen collectors 615 0$aWomen photographers 615 0$aWomen scholars 615 0$aWomen translators 615 7$aBIOGRAPHY & AUTOBIOGRAPHY / Artists, Architects, Photographers. 676 $a951.04092 700 $aShen$b Lindsay$01690357 801 0$bMiAaPQ 801 1$bMiAaPQ 801 2$bMiAaPQ 906 $aBOOK 912 $a9910967372003321 996 $aKnowledge Is pleasure$94375801 997 $aUNINA 999 $aThis Record contains information from the Harvard Library Bibliographic Dataset, which is provided by the Harvard Library under its Bibliographic Dataset Use Terms and includes data made available by, among others the Library of Congress